<?xml version="1.0" encoding="UTF-8"?>
<record
    xmlns:xsi="http://www.w3.org/2001/XMLSchema-instance"
    xsi:schemaLocation="http://www.loc.gov/MARC21/slim http://www.loc.gov/standards/marcxml/schema/MARC21slim.xsd"
    xmlns="http://www.loc.gov/MARC21/slim">

  <leader>00927nam a22002657a 4500</leader>
  <controlfield tag="005">20170206112412.0</controlfield>
  <datafield tag="010" ind1=" " ind2=" ">
    <subfield code="a">1617EN   ENG-116814</subfield>
  </datafield>
  <datafield tag="020" ind1=" " ind2=" ">
    <subfield code="a">9788126558728</subfield>
    <subfield code="c">749.00</subfield>
  </datafield>
  <datafield tag="035" ind1=" " ind2=" ">
    <subfield code="a">1617EN</subfield>
  </datafield>
  <datafield tag="035" ind1=" " ind2=" ">
    <subfield code="a">B-650814-819</subfield>
  </datafield>
  <datafield tag="035" ind1=" " ind2=" ">
    <subfield code="a">EN-100346</subfield>
  </datafield>
  <datafield tag="037" ind1=" " ind2=" ">
    <subfield code="b">BSB</subfield>
  </datafield>
  <datafield tag="037" ind1=" " ind2=" ">
    <subfield code="b">DBAD/PUB</subfield>
  </datafield>
  <datafield tag="082" ind1=" " ind2=" ">
    <subfield code="a">658.1599</subfield>
  </datafield>
  <datafield tag="100" ind1=" " ind2=" ">
    <subfield code="a">Shapiro,Alan C. </subfield>
  </datafield>
  <datafield tag="245" ind1=" " ind2=" ">
    <subfield code="a">International Financial Management /</subfield>
    <subfield code="c">by Alan C. Shapiro, Peter Moles [and] Jayanta Kumar Seal</subfield>
  </datafield>
  <datafield tag="260" ind1=" " ind2=" ">
    <subfield code="c">2016</subfield>
    <subfield code="a">New Delhi</subfield>
    <subfield code="b">John Wiley </subfield>
  </datafield>
  <datafield tag="270" ind1=" " ind2=" ">
    <subfield code="a">4435-36/7, Ansari Road,Daryaganj</subfield>
    <subfield code="b">New Delhi</subfield>
    <subfield code="e">110002</subfield>
  </datafield>
  <datafield tag="300" ind1=" " ind2=" ">
    <subfield code="c">24cm(pbk)</subfield>
    <subfield code="a">xxviii,716p</subfield>
    <subfield code="b">ill.</subfield>
  </datafield>
  <datafield tag="500" ind1=" " ind2=" ">
    <subfield code="a">includes index</subfield>
  </datafield>
  <datafield tag="700" ind1=" " ind2=" ">
    <subfield code="a">Peter Moles</subfield>
  </datafield>
  <datafield tag="700" ind1=" " ind2=" ">
    <subfield code="a"> Jayanta Kumar Seal</subfield>
  </datafield>
  <datafield tag="942" ind1=" " ind2=" ">
    <subfield code="c">EN</subfield>
    <subfield code="2">ddc</subfield>
    <subfield code="h">658.1599</subfield>
    <subfield code="m">SHA</subfield>
  </datafield>
  <datafield tag="999" ind1=" " ind2=" ">
    <subfield code="c">101867</subfield>
    <subfield code="d">101867</subfield>
  </datafield>
  <datafield tag="952" ind1=" " ind2=" ">
    <subfield code="0">0</subfield>
    <subfield code="1">0</subfield>
    <subfield code="4">0</subfield>
    <subfield code="7">1</subfield>
    <subfield code="8">NFIC</subfield>
    <subfield code="a">DBAD</subfield>
    <subfield code="b">BN</subfield>
    <subfield code="d">2016-12-14</subfield>
    <subfield code="e">DBAD/PUB</subfield>
    <subfield code="g">749.00</subfield>
    <subfield code="l">0</subfield>
    <subfield code="o">658.1599 SHA</subfield>
    <subfield code="p">EN-100346</subfield>
    <subfield code="r">2016-12-14 00:00:00</subfield>
    <subfield code="t">1</subfield>
    <subfield code="v">749.00</subfield>
    <subfield code="y">EN</subfield>
  </datafield>
  <datafield tag="952" ind1=" " ind2=" ">
    <subfield code="0">0</subfield>
    <subfield code="1">0</subfield>
    <subfield code="4">0</subfield>
    <subfield code="7">0</subfield>
    <subfield code="8">NFIC</subfield>
    <subfield code="a">L</subfield>
    <subfield code="b">L</subfield>
    <subfield code="d">2017-02-06</subfield>
    <subfield code="e">BPPD/EN/2016-17/289/24.11.2016/337/2.12.2016/4.1.2017</subfield>
    <subfield code="g">749.00</subfield>
    <subfield code="l">11</subfield>
    <subfield code="o">658.1599 SHA</subfield>
    <subfield code="p">B-650814</subfield>
    <subfield code="r">2022-10-04 00:00:00</subfield>
    <subfield code="s">2022-09-07</subfield>
    <subfield code="t">1</subfield>
    <subfield code="v">749.00</subfield>
    <subfield code="w">2017-02-06</subfield>
    <subfield code="y">EN</subfield>
  </datafield>
  <datafield tag="952" ind1=" " ind2=" ">
    <subfield code="0">0</subfield>
    <subfield code="1">0</subfield>
    <subfield code="4">0</subfield>
    <subfield code="7">0</subfield>
    <subfield code="8">NFIC</subfield>
    <subfield code="a">BL1</subfield>
    <subfield code="b">BL1</subfield>
    <subfield code="d">2017-02-06</subfield>
    <subfield code="e">BPPD/EN/2016-17/289/24.11.2016/337/2.12.2016/4.1.2017</subfield>
    <subfield code="g">749.00</subfield>
    <subfield code="l">3</subfield>
    <subfield code="m">6</subfield>
    <subfield code="o">658.1599 SHA</subfield>
    <subfield code="p">B-650815</subfield>
    <subfield code="r">2023-12-12 00:00:00</subfield>
    <subfield code="s">2023-11-02</subfield>
    <subfield code="t">1</subfield>
    <subfield code="v">749.00</subfield>
    <subfield code="y">EN</subfield>
  </datafield>
  <datafield tag="952" ind1=" " ind2=" ">
    <subfield code="0">0</subfield>
    <subfield code="1">0</subfield>
    <subfield code="4">0</subfield>
    <subfield code="7">0</subfield>
    <subfield code="8">NFIC</subfield>
    <subfield code="a">JP</subfield>
    <subfield code="b">JP</subfield>
    <subfield code="d">2017-02-06</subfield>
    <subfield code="e">BPPD/EN/2016-17/289/24.11.2016/337/2.12.2016/4.1.2017</subfield>
    <subfield code="g">749.00</subfield>
    <subfield code="l">2</subfield>
    <subfield code="m">2</subfield>
    <subfield code="o">658.1599 SHA</subfield>
    <subfield code="p">B-650816</subfield>
    <subfield code="r">2024-01-15 00:00:00</subfield>
    <subfield code="s">2023-08-04</subfield>
    <subfield code="t">1</subfield>
    <subfield code="v">749.00</subfield>
    <subfield code="y">EN</subfield>
  </datafield>
  <datafield tag="952" ind1=" " ind2=" ">
    <subfield code="0">0</subfield>
    <subfield code="1">0</subfield>
    <subfield code="4">0</subfield>
    <subfield code="7">0</subfield>
    <subfield code="8">NFIC</subfield>
    <subfield code="a">ZLS</subfield>
    <subfield code="b">ZLS</subfield>
    <subfield code="d">2017-02-06</subfield>
    <subfield code="e">BPPD/EN/2016-17/289/24.11.2016/337/2.12.2016/4.1.2017</subfield>
    <subfield code="g">749.00</subfield>
    <subfield code="l">2</subfield>
    <subfield code="o">658.1599 SHA</subfield>
    <subfield code="p">B-650817</subfield>
    <subfield code="r">2022-02-26 00:00:00</subfield>
    <subfield code="s">2022-02-12</subfield>
    <subfield code="t">1</subfield>
    <subfield code="v">749.00</subfield>
    <subfield code="y">EN</subfield>
  </datafield>
  <datafield tag="952" ind1=" " ind2=" ">
    <subfield code="0">0</subfield>
    <subfield code="1">0</subfield>
    <subfield code="4">0</subfield>
    <subfield code="7">0</subfield>
    <subfield code="8">NFIC</subfield>
    <subfield code="a">BN</subfield>
    <subfield code="b">BN</subfield>
    <subfield code="d">2017-02-06</subfield>
    <subfield code="e">BPPD/EN/2016-17/289/24.11.2016/337/2.12.2016/4.1.2017</subfield>
    <subfield code="g">749.00</subfield>
    <subfield code="l">2</subfield>
    <subfield code="o">658.1599 SHA</subfield>
    <subfield code="p">B-650818</subfield>
    <subfield code="r">2019-11-25 00:00:00</subfield>
    <subfield code="s">2019-11-15</subfield>
    <subfield code="t">1</subfield>
    <subfield code="v">749.00</subfield>
    <subfield code="y">EN</subfield>
  </datafield>
  <datafield tag="952" ind1=" " ind2=" ">
    <subfield code="0">0</subfield>
    <subfield code="1">0</subfield>
    <subfield code="4">0</subfield>
    <subfield code="7">0</subfield>
    <subfield code="8">NFIC</subfield>
    <subfield code="a">BL4</subfield>
    <subfield code="b">BL4</subfield>
    <subfield code="d">2017-02-06</subfield>
    <subfield code="e">BPPD/EN/2016-17/289/24.11.2016/337/2.12.2016/4.1.2017</subfield>
    <subfield code="g">749.00</subfield>
    <subfield code="l">0</subfield>
    <subfield code="o">658.1599 SHA</subfield>
    <subfield code="p">B-650819</subfield>
    <subfield code="r">2017-02-06 00:00:00</subfield>
    <subfield code="t">1</subfield>
    <subfield code="v">749.00</subfield>
    <subfield code="y">EN</subfield>
  </datafield>
</record>
